000 00637nam a2200229Ia 4500
003 IIN
005 20240102124923.0
008 231217s9999 xx 000 0 und d
020 _cRs.1075.00
_a9789381579268
040 _aIIN
_bEnglish
082 _a610.7
_bDEE
100 1 _aDeepak,K
245 1 _aA Comprehensive Textbook on Nursing Management
_cDeepak K., Sarath Chandran.C & Mithun Kumar B.P.
250 _a2nd ed
260 _bEMMESS
_aBangalore
_c2022
300 _axii, 530p.
500 _aIncluding index
650 _aManagement
_vnursing
700 1 _aSarath, Chandran.C
700 1 _aMithun, Kumar B.P.
942 _cBOOK
999 _c1603
_d1603